ბათუმის შოთა რუსთაველის სახელმწიფო უნივერსიტეტის ბიბლიოთეკა

რკინიგზის მშენებლობის ორგანიზცია და დაგეგმვა : (ბიბ.ჩანაწერი № 39805)

000 -ლიდერი
ფიქსირებული სიგრძის საკონტროლო ველი 01034nam a2200229Ia 4500
001 - საკონტროლო ნომერი
საკონტროლო ველი 6410
003 - საკონტროლო ნომრის იდენტიფიკატორი
საკონტროლო ველი GE_BSU
005 - ბოლო ოპერაციის თარიღი და დრო
საკონტროლო ველი 20190504125639.0
008 - ფიქსირებული სიგრძის მონაცემთა ელემენტები - ზოგადი ინფორმაცია
ფიქსირებული სიგრძის საკონტროლო ველი 181216s1970||||ge |||||||||||||| ||geo||
040 ## - კატალოგიზაციის წყარო
Transcribing agency GE_BSU
041 ## - ენის კოდი
Language code of text/sound track or separate title geo
080 ## - უნივერსალური ათობითი კლასიფიკაციის ინდექსი
Universal Decimal Classification number 625:658(075.8) კ-73
100 ## - მთავარი ჩანაწერი - პიროვნების სახელი
Personal name კონიაშვილი, ა.
9 (RLIN) 684
245 ## - ცნობა სათაურის შესახებ
Title რკინიგზის მშენებლობის ორგანიზცია და დაგეგმვა :
Remainder of title სახელმძღვ. /
Statement of responsibility, etc ა. კონიაშვილი, ა. შალამბერიძე.
264 ## - წარმოების, გამოცემის, დისტრიბუციის და სხვა ცნობები
გამოცემის, წარმოების, დისტრიბუციის... ადგილი თბილისი :
გამოცემის, წარმოების, დისტრიბუციის... სახელწოდება განათლება,
გამოცემის, წარმოების, დისტრიბუციის... თარიღი 1970.
300 ## - ფიზიკური აღწერა
Extent 271 გვ. :
Other physical details ილ. ;
Dimensions 20 სმ.
653 ## - INDEX TERM--UNCONTROLLED
Uncontrolled term რკინიგზის მშენებლობის ორგანიზცია და დაგეგმვა
653 ## - INDEX TERM--UNCONTROLLED
Uncontrolled term რკინიგზა
653 ## - INDEX TERM--UNCONTROLLED
Uncontrolled term მშენებლობა
700 ## - ADDED ENTRY--PERSONAL NAME
Personal name შალამბერიძე, ა.
Relator term ავტორი
9 (RLIN) 705
942 ## - ADDED ENTRY ELEMENTS (KOHA)
Koha item type წიგნი
Source of classification or shelving scheme
ეგზემპლარები
ჩამოწერის სტატუსი დაკარგული ეგზემპლარის სტატუსი კლასიფიკაციის წყარო ან თაროზე გაწყობის სქემა დაზიანების სტატუსი არ გაიცემა მუდმივი მდებარეობა (დაცვის ადგილი) ამჟამინდელი ადგილსამყოფელი შეძენის თარიღი ღირებულება, შესყიდვის ნორმალური ფასი სრული შენახვის შიფრი შტრიხკოდი ბოლო ოპერაციის თარიღი ეგზემპლარის მიმდევრობითი ნომერი (კეტერი?) ფასის ძალაში შესვლის თარიღი ეგზემპლარის სახეობა საჯარო შენიშვნა თაროზე განთავსების ადგილი
          ტექნოლოგიური ფაკულტეტის ბიბლიოთეკა ტექნოლოგიური ფაკულტეტის ბიბლიოთეკა 2018-12-17 1.90 625:658(075.8) კ-73 11648 2018-12-17 11648 2018-12-17 წიგნი 1.90 ლ.  
          ტექნოლოგიური ფაკულტეტის ბიბლიოთეკა ტექნოლოგიური ფაკულტეტის ბიბლიოთეკა 2018-12-17 1.90 625:658(075.8) კ-73 11649 2018-12-17 11649 2018-12-17 წიგნი 1.90 ლ. წიგნსაცავი
          ტექნოლოგიური ფაკულტეტის ბიბლიოთეკა ტექნოლოგიური ფაკულტეტის ბიბლიოთეკა 2018-12-17 1.90 625:658(075.8) კ-73 11650 2018-12-17 11650 2018-12-17 წიგნი 1.90 ლ.